[Event "First Lady's Cup"]
[Site "Surakarta/Denpasar INA"]
[Date "1982.02.22"]
[Round "12"]
[White "Sampouw, Jacobus Sawandar"]
[Black "Bellon Lopez, Juan Manuel"]
[Result "0-1"]
[WhiteElo "2305"]
[BlackElo "2400"]
[EventDate "1982.02.10"]
[PlyCount "90"]

1.e4 c5 2.Nf3 g6 3.d4 Bg7 4.c3 cxd4 5.cxd4 d5 6.Bb5+ Bd7 7.Bxd7+ Nxd7 8.e5
e6 9.O-O Ne7 10.Nc3 h6 11.b3 a6 12.Qd3 Rc8 13.Bd2 O-O 14.Ne2 Qb6 15.a3 Nc6
16.h4 Rfe8 17.g3 Nf8 18.Kg2 Nh7 19.Rh1 Ne7 20.g4 Rc6 21.Ne1 Rec8 22.Rh3 
Qd8 23.Rf3 h5 24.gxh5 Nf5 25.hxg6 fxg6 26.Rh3 Nxh4+ 27.Kh1 Nf8 28.Ng2 Nxg2
29.Kxg2 Qe8 30.Rah1 R6c7 31.Rh4 Qb5 32.Qe3 Rf7 33.Rg4 Rf5 34.Ng3 Rf7 35.
Bb4 Rc2 36.Rf4 Qe8 37.Rxf7 Qxf7 38.Rh4 Nh7 39.Rf4 Bh6 40.Rxf7 Bxe3 41.Rxb7
Rxf2+ 42.Kh1 Bxd4 43.Bd6 Ng5 44.Rb8+ Kg7 45.Rb7+ Kh6 0-1

[Event "First Lady's Cup"]
[Site "Surakarta/Denpasar INA"]
[Date "1982.02.22"]
[Round "12"]
[White "Ribli, Zoltan"]
[Black "Gunawan, Ronny"]
[Result "1-0"]
[WhiteElo "2590"]
[BlackElo "2345"]
[EventDate "1982.02.10"]
[PlyCount "123"]

1.Nf3 Nf6 2.d4 g6 3.Bg5 Bg7 4.Nbd2 h6 5.Bh4 d6 6.c3 c5 7.e3 g5 8.Bg3 Nh5 
9.dxc5 Nxg3 10.hxg3 dxc5 11.Bc4 e6 12.Ne4 Qxd1+ 13.Rxd1 Nd7 14.Bb5 Ke7 15.
Bxd7 Bxd7 16.Nxc5 Bc6 17.O-O b6 18.Nd3 Rad8 19.Nd4 Bb7 20.f3 Bf6 21.Rd2 g4
22.fxg4 Bg5 23.Kf2 Rd6 24.Rfd1 Rhd8 25.Ne5 Kf6 26.Nef3 Rd5 27.e4 Ra5 28.
Nxg5 Rxg5 29.Nf3 Rxd2+ 30.Rxd2 Ra5 31.e5+ Ke7 32.b3 Bxf3 33.gxf3 Rxe5 34.
c4 f6 35.f4 Ra5 36.a4 h5 37.Kf3 hxg4+ 38.Kxg4 a6 39.Kf3 b5 40.Rc2 bxc4 41.
Rxc4 Rd5 42.Ke3 f5 43.b4 Rd1 44.a5 Rg1 45.Kd4 Kd7 46.Kc5 Kc7 47.b5 Rxg3 
48.b6+ Kb7 49.Kd6 Ra3 50.Rc7+ Kb8 51.Kxe6 Rxa5 52.Ra7 Kc8 53.Kf6 Kb8 54.
Kg6 Ra1 55.Kxf5 a5 56.Kg6 a4 57.f5 a3 58.f6 a2 59.Kf7 Kc8 60.Rc7+ Kb8 61.
Rc2 Kb7 62.Rg2 1-0

[Event "First Lady's Cup"]
[Site "Surakarta/Denpasar INA"]
[Date "1982.02.22"]
[Round "12"]
[White "Spasov, Luben"]
[Black "Matanovic, Aleksandar"]
[Result "1/2-1/2"]
[WhiteElo "2410"]
[BlackElo "2495"]
[EventDate "1982.02.10"]
[PlyCount "57"]

1.d4 Nf6 2.c4 e6 3.Nf3 b6 4.a3 Bb7 5.Nc3 d5 6.cxd5 exd5 7.g3 Be7 8.Qa4+ c6
9.Bg2 Nbd7 10.O-O O-O 11.Bf4 Re8 12.Rfd1 Nh5 13.Ne5 Nxf4 14.gxf4 b5 15.Qc2
Nf6 16.Rac1 a5 17.e3 Qb6 18.Ne2 Rac8 19.Nd3 Rc7 20.Ng3 Bf8 21.Rd2 Bc8 22.
Nc5 Bd6 23.Qd3 g6 24.Rdc2 h5 25.h4 Ng4 26.Nb3 a4 27.Nd2 Kg7 28.Nf3 f6 29.
Ne1 1/2-1/2

[Event "First Lady's Cup"]
[Site "Surakarta/Denpasar INA"]
[Date "1982.02.22"]
[Round "12"]
[White "Suradiradja, Herman"]
[Black "Bachtiar, Arovah"]
[Result "0-1"]
[WhiteElo "2380"]
[BlackElo "2360"]
[EventDate "1982.02.10"]
[PlyCount "54"]

1.e4 c5 2.Nf3 d6 3.d4 cxd4 4.Nxd4 Nf6 5.Nc3 a6 6.Bg5 e6 7.f4 Nbd7 8.Qf3 
Qc7 9.O-O-O b5 10.e5 Bb7 11.Qh3 dxe5 12.Nxe6 fxe6 13.Qxe6+ Be7 14.Nxb5 
axb5 15.Bxb5 Bd5 16.Rxd5 Nxd5 17.Qxd5 Rc8 18.c3 Bxg5 19.fxg5 Ke7 20.Re1 
Rhd8 21.Rf1 Rf8 22.Re1 Rf7 23.a4 Qd6 24.Qe4 Nc5 25.Qxe5+ Qxe5 26.Rxe5+ Kd6
27.Re2 Rf1+ 0-1

[Event "First Lady's Cup"]
[Site "Surakarta/Denpasar INA"]
[Date "1982.02.25"]
[Round "13"]
[White "Miles, Anthony John"]
[Black "Suradiradja, Herman"]
[Result "1-0"]
[WhiteElo "2575"]
[BlackElo "2380"]
[EventDate "1982.02.10"]
[PlyCount "55"]

1.g3 g6 2.Bg2 Bg7 3.d4 Nf6 4.e4 d6 5.Ne2 O-O 6.O-O e5 7.h3 c6 8.Nbc3 Qc7 
9.a4 a5 10.Be3 Na6 11.Qd2 Re8 12.g4 Nb4 13.f4 exd4 14.Bxd4 d5 15.exd5 cxd5
16.Ng3 Qc4 17.Rad1 Ne4 18.Ngxe4 dxe4 19.Bxe4 f5 20.gxf5 Rxe4 21.Bxg7 Kxg7 
22.Nxe4 Qxe4 23.Rfe1 Qxf5 24.Re7+ Kh6 25.Qd4 Qf8 26.Qe5 Bf5 27.Rdd7 Qh8 
28.Qf6 1-0

[Event "First Lady's Cup"]
[Site "Surakarta/Denpasar INA"]
[Date "1982.02.25"]
[Round "13"]
[White "Henley, Ronald Watson"]
[Black "Keene, Raymond Dennis"]
[Result "1/2-1/2"]
[WhiteElo "2460"]
[BlackElo "2505"]
[EventDate "1982.02.10"]
[PlyCount "81"]

1.g3 c5 2.Bg2 g6 3.Nf3 Bg7 4.d4 cxd4 5.Nxd4 Nc6 6.Nxc6 bxc6 7.c4 Rb8 8.Qc2
Nh6 9.Nc3 Nf5 10.b3 O-O 11.Bb2 Ba6 12.O-O d5 13.Rfd1 Nd4 14.Qb1 Bxc4 15.
bxc4 Nxe2+ 16.Nxe2 Rxb2 17.Qd3 e6 18.a3 Qb6 19.Rac1 Rb3 20.Qd2 Rxa3 21.
cxd5 cxd5 22.Nd4 Ra4 23.Nc6 Bf6 24.Qe2 Qb3 25.Rb1 Qa2 26.Qf3 Kg7 27.Bf1 
Qa3 28.Qe2 Qd6 29.Qb5 Ra3 30.Rd3 a6 31.Qb7 a5 32.Rb5 Rxd3 33.Bxd3 a4 34.
Ra5 a3 35.Ra7 Bb2 36.Kg2 Bf6 37.Bb1 Bb2 38.Ba2 Bf6 39.h4 Qc5 40.Nb4 Bd4 
41.Rxa3 1/2-1/2

[Event "First Lady's Cup"]
[Site "Surakarta/Denpasar INA"]
[Date "1982.02.25"]
[Round "13"]
[White "Chandler, Murray Graham"]
[Black "Handoko, Edhi"]
[Result "1/2-1/2"]
[WhiteElo "2470"]
[BlackElo "2370"]
[EventDate "1982.02.10"]
[PlyCount "110"]

1.e4 c5 2.c3 d5 3.exd5 Qxd5 4.d4 Nf6 5.Nf3 Bg4 6.Be2 e6 7.O-O Nc6 8.h3 Bh5
9.Na3 cxd4 10.Nb5 Rc8 11.Nfxd4 Bxe2 12.Qxe2 Nxd4 13.Nxd4 a6 14.Rd1 Be7 15.
Nb3 Qc6 16.Bg5 h6 17.Bh4 O-O 18.Rd4 Rfd8 19.Rad1 Kf8 20.Na5 Qc7 21.Nc4 
Rxd4 22.Rxd4 Bc5 23.Bg3 Qc6 24.Ne5 Qe8 25.Rd3 Kg8 26.Qf3 Qb5 27.b4 Be7 28.
a4 Qxa4 29.Qxb7 Qe8 30.Qxa6 Nd5 31.b5 Bf6 32.Nc6 Ra8 33.Na7 Nxc3 34.b6 
Ne2+ 35.Kh2 Nxg3 36.fxg3 Qb8 37.Qb5 Rxa7 38.bxa7 Qxb5 39.a8=Q+ Kh7 40.Rf3 
Qb1 41.Qa7 Kg6 42.Qd7 h5 43.Qd3+ Qxd3 44.Rxd3 Bb2 45.Kg1 e5 46.Kf2 Bd4+ 
47.Kf3 Kf5 48.g4+ hxg4+ 49.hxg4+ Kg5 50.Rb3 g6 51.Rb7 f6 52.Rb8 Bc3 53.Rg8
Bd4 54.Ke4 Bb2 55.Kd5 Bc1 1/2-1/2

[Event "First Lady's Cup"]
[Site "Surakarta/Denpasar INA"]
[Date "1982.02.25"]
[Round "13"]
[White "Rodriguez Vargas, Orestes"]
[Black "Sosonko, Gennadi"]
[Result "1/2-1/2"]
[WhiteElo "2430"]
[BlackElo "2580"]
[EventDate "1982.02.10"]
[PlyCount "29"]

1.d4 Nf6 2.Nf3 e6 3.c4 d5 4.Nc3 Bb4 5.cxd5 exd5 6.Bg5 h6 7.Bh4 c6 8.Qc2 
Be6 9.e3 Nbd7 10.Be2 O-O 11.O-O Be7 12.Rab1 a5 13.Rfc1 Ne8 14.Bxe7 Qxe7 
15.Na4 1/2-1/2

[Event "First Lady's Cup"]
[Site "Surakarta/Denpasar INA"]
[Date "1982.02.25"]
[Round "13"]
[White "Gunawan, Ronny"]
[Black "Suttles, Duncan"]
[Result "0-1"]
[WhiteElo "2345"]
[BlackElo "2475"]
[EventDate "1982.02.10"]
[PlyCount "80"]

1.e4 g6 2.d4 d6 3.c4 Bg7 4.Nc3 e5 5.Be3 Nd7 6.d5 h5 7.Bd3 Nh6 8.f3 f5 9.
Qd2 Nf6 10.Nge2 f4 11.Bf2 g5 12.c5 Bf8 13.cxd6 cxd6 14.Rc1 Rh7 15.g3 g4 
16.gxf4 gxf3 17.fxe5 dxe5 18.Qg5 fxe2 19.Qxe5+ Qe7 20.Qxe7+ Rxe7 21.Bd4 
Nhg4 22.h3 Ne5 23.Bxe2 Kf7 24.Nb5 Bd7 25.Nd6+ Kg8 26.Rg1+ Kh7 27.Rc7 Nxd5 
28.Rxb7 Nc6 29.Bc5 Nf6 30.Rf1 Bg7 31.Kd2 Bxh3 32.Rxe7 Nxe7 33.Rh1 Bg2 34.
Rh2 Bxe4 35.Bxh5 Bh6+ 36.Ke2 Bf4 37.Rh4 Bxd6 38.Bf3+ Kg7 39.Bxd6 Bxf3+ 40.
Kxf3 Nf5 0-1

[Event "First Lady's Cup"]
[Site "Surakarta/Denpasar INA"]
[Date "1982.02.25"]
[Round "13"]
[White "Gheorghiu, Florin"]
[Black "Ardiansyah"]
[Result "1-0"]
[WhiteElo "2550"]
[BlackElo "2395"]
[EventDate "1982.02.10"]
[PlyCount "51"]

1.d4 Nf6 2.c4 e6 3.Nc3 Bb4 4.a3 Bxc3+ 5.bxc3 d6 6.f3 d5 7.cxd5 exd5 8.e3 
O-O 9.Bd3 b6 10.Ne2 a5 11.O-O Ba6 12.e4 Qe8 13.Ng3 Qc6 14.Bg5 Bxd3 15.Qxd3
Nfd7 16.Nf5 Kh8 17.Ne7 Qc4 18.Qxc4 dxc4 19.Nd5 c6 20.Ne3 b5 21.a4 Nb6 22.
axb5 cxb5 23.Rfb1 Na4 24.Nd5 Nxc3 25.Nxc3 b4 26.Be7 1-0

[Event "First Lady's Cup"]
[Site "Surakarta/Denpasar INA"]
[Date "1982.02.25"]
[Round "13"]
[White "Csom, Istvan"]
[Black "Maninang, Jesus Rafael"]
[Result "1-0"]
[WhiteElo "2505"]
[BlackElo "2385"]
[EventDate "1982.02.10"]
[PlyCount "97"]

1.Nf3 Nf6 2.g3 b6 3.Bg2 Bb7 4.O-O e6 5.c4 c5 6.Nc3 a6 7.d4 cxd4 8.Qxd4 d6 
9.Rd1 Be7 10.Ng5 Bxg2 11.Kxg2 Nc6 12.Qf4 Qc7 13.Nce4 Rd8 14.b3 h6 15.Nf3 
Nxe4 16.Qxe4 Bf6 17.Rb1 O-O 18.Bb2 Bxb2 19.Rxb2 Ne7 20.Rc2 Rc8 21.Nd4 Rfd8
22.h4 Qd7 23.Rdc1 d5 24.cxd5 Rxc2 25.Rxc2 Qxd5 26.Qxd5 Rxd5 27.Nf3 f6 28.
e4 Rd7 29.h5 Kf7 30.Kf1 e5 31.Ke2 Rd6 32.Rc7 Rc6 33.Rb7 Rc2+ 34.Kd3 Rxa2 
35.Nh4 Kf8 36.Rxb6 Rxf2 37.Rxa6 f5 38.exf5 Nxf5 39.Ng6+ Ke8 40.g4 e4+ 41.
Kxe4 Ng3+ 42.Ke5 Re2+ 43.Kf4 Nf1 44.Ra8+ Kd7 45.Ra7+ Kd6 46.Rxg7 Rf2+ 47.
Ke4 Rb2 48.Nh4 Rxb3 49.Nf5+ 1-0

[Event "First Lady's Cup"]
[Site "Surakarta/Denpasar INA"]
[Date "1982.02.25"]
[Round "13"]
[White "Hulak, Krunoslav"]
[Black "Sampouw, Jacobus Sawandar"]
[Result "0-1"]
[WhiteElo "2490"]
[BlackElo "2305"]
[EventDate "1982.02.10"]
[PlyCount "84"]

1.e4 e5 2.Nf3 Nc6 3.Bb5 a6 4.Ba4 Nf6 5.O-O Be7 6.Re1 b5 7.Bb3 O-O 8.d4 d6 
9.c3 Bg4 10.Be3 Na5 11.dxe5 Bxf3 12.Qxf3 dxe5 13.Bc2 Nc4 14.Bc1 Bc5 15.b3 
Nb6 16.Bg5 Nbd7 17.Rd1 Qe7 18.Nd2 h6 19.Bh4 Rfd8 20.Nf1 g5 21.Bg3 Nf8 22.
b4 Bb6 23.h4 Ng6 24.hxg5 hxg5 25.Bb3 Kg7 26.Bh2 g4 27.Qe2 Nf4 28.Bxf4 exf4
29.e5 Kh6 30.g3 Nh5 31.Nh2 fxg3 32.Nxg4+ Kg7 33.Qf3 gxf2+ 34.Kf1 Qg5 35.
Qxf7+ Kh8 36.Bc2 Ng3+ 37.Kg2 Qh4 38.Rh1 f1=Q+ 39.Raxf1 Rd2+ 40.Nf2 Nxh1 
41.Qf6+ Qxf6 42.Rxh1+ Kg8 0-1

[Event "First Lady's Cup"]
[Site "Surakarta/Denpasar INA"]
[Date "1982.02.25"]
[Round "13"]
[White "Radulov, Ivan"]
[Black "Spasov, Luben"]
[Result "1/2-1/2"]
[WhiteElo "2505"]
[BlackElo "2410"]
[EventDate "1982.02.10"]
[PlyCount "35"]

1.d4 e6 2.c4 d5 3.Nc3 Be7 4.Nf3 Nf6 5.Bg5 Nbd7 6.e3 O-O 7.Bd3 dxc4 8.Bxc4 
c5 9.O-O a6 10.dxc5 Nxc5 11.a3 b5 12.Be2 Bb7 13.Qxd8 Rfxd8 14.Rfd1 Rxd1+ 
15.Rxd1 Rd8 16.Rxd8+ Bxd8 17.Nd2 h6 18.Bh4 1/2-1/2

[Event "First Lady's Cup"]
[Site "Surakarta/Denpasar INA"]
[Date "1982.02.26"]
[Round "14"]
[White "Hort, Vlastimil"]
[Black "Henley, Ronald Watson"]
[Result "1/2-1/2"]
[WhiteElo "2590"]
[BlackElo "2460"]
[EventDate "1982.02.10"]
[PlyCount "62"]

1.e4 e6 2.d3 b6 3.g3 Bb7 4.Bg2 c5 5.Nf3 Nc6 6.O-O Be7 7.Re1 Nf6 8.c3 O-O 
9.Nbd2 b5 10.e5 Nd5 11.c4 Ndb4 12.Ne4 Qb6 13.a3 Na6 14.b3 Rad8 15.Bb2 d6 
16.exd6 Bxd6 17.Nfg5 Be5 18.Bxe5 Nxe5 19.Nxh7 Bxe4 20.Rxe4 Kxh7 21.Rxe5 
bxc4 22.bxc4 Kg8 23.Rb1 Qa5 24.Be4 Nc7 25.d4 f5 26.Bg2 Qc3 27.Rxc5 Rf7 28.
Rb3 Rxd4 29.Rxc3 Rxd1+ 30.Bf1 Rfd7 31.Rc2 Ra1 1/2-1/2

[Event "First Lady's Cup"]
[Site "Surakarta/Denpasar INA"]
[Date "1982.02.26"]
[Round "14"]
[White "Keene, Raymond Dennis"]
[Black "Bellon Lopez, Juan Manuel"]
[Result "1-0"]
[WhiteElo "2505"]
[BlackElo "2400"]
[EventDate "1982.02.10"]
[PlyCount "113"]

1.d4 Nf6 2.c4 c5 3.d5 b5 4.Nf3 g6 5.Nbd2 Qa5 6.e4 Bg7 7.Qc2 O-O 8.Be2 d6 
9.O-O a6 10.Rb1 e6 11.b3 Nh5 12.Rd1 f5 13.Nf1 e5 14.Ng5 Nf4 15.Bf3 Ra7 16.
Bxf4 exf4 17.exf5 Bxf5 18.Be4 Re7 19.Bxf5 Rxf5 20.Ne6 Nd7 21.Nd2 Nf8 22.
Nxg7 Kxg7 23.Ne4 Qd8 24.f3 h6 25.b4 cxb4 26.Rxb4 Rfe5 27.cxb5 axb5 28.Rxb5
g5 29.Qc6 g4 30.Qxd6 Qxd6 31.Nxd6 gxf3 32.gxf3 Re1+ 33.Rxe1 Rxe1+ 34.Kf2 
Rh1 35.Kg2 Re1 36.a4 Ng6 37.Nf5+ Kf6 38.Nxh6 Nh4+ 39.Kf2 Ra1 40.Ng4+ Ke7 
41.Ne5 Ra2+ 42.Kf1 Nf5 43.Ng6+ Kd6 44.Nxf4 Ra1+ 45.Kg2 Rxa4 46.Rb6+ Kc5 
47.Rc6+ Kb5 48.Ne6 Ra2+ 49.Kh3 Rd2 50.Nc7+ Kb4 51.Kg4 Nd4 52.Rh6 Rg2+ 53.
Kf4 Rg7 54.Ke4 Ne2 55.d6 Rd7 56.Kd5 Rf7 57.Rh4+ 1-0

[Event "First Lady's Cup"]
[Site "Surakarta/Denpasar INA"]
[Date "1982.02.26"]
[Round "14"]
[White "Chandler, Murray Graham"]
[Black "Sampouw, Jacobus Sawandar"]
[Result "1-0"]
[WhiteElo "2470"]
[BlackElo "2305"]
[EventDate "1982.02.10"]
[PlyCount "73"]

1.e4 e5 2.Nf3 Nc6 3.Bc4 Nf6 4.d3 Bc5 5.c3 d6 6.O-O O-O 7.Nbd2 Bb6 8.Bb3 
Ne7 9.Nc4 Ng6 10.h3 c6 11.Nxb6 Qxb6 12.Bg5 Be6 13.Bxf6 gxf6 14.Kh2 a5 15.
Qc2 Kh8 16.d4 Rg8 17.Rad1 d5 18.dxe5 a4 19.Bxa4 dxe4 20.Qxe4 Bd5 21.Qf5 
Bc4 22.Qxf6+ Rg7 23.Nd4 Ne7 24.Qxe7 Bxf1 25.Qf6 Rg8 26.Rxf1 Qa6 27.Kg1 
Qxa4 28.Nf5 Qe4 29.g3 Qe2 30.b3 Qc2 31.e6 fxe6 32.Nxg7 Rxg7 33.Re1 Kg8 34.
Qd8+ Kf7 35.Qd7+ Kf8 36.Qxe6 Rf7 37.Qh6+ 1-0

[Event "First Lady's Cup"]
[Site "Surakarta/Denpasar INA"]
[Date "1982.02.26"]
[Round "14"]
[White "Browne, Walter Shawn"]
[Black "Miles, Anthony John"]
[Result "1-0"]
[WhiteElo "2585"]
[BlackElo "2575"]
[EventDate "1982.02.10"]
[PlyCount "159"]

1.d4 Nf6 2.Nf3 d5 3.c4 c6 4.Nc3 dxc4 5.a4 Bf5 6.Ne5 Nbd7 7.Nxc4 Qc7 8.g3 
e5 9.dxe5 Nxe5 10.Bf4 Rd8 11.Qc1 Bd6 12.Nxd6+ Qxd6 13.Bg2 O-O 14.O-O a5 
15.Qe3 Nfg4 16.Qb6 Qb4 17.Qxb4 axb4 18.Na2 Ng6 19.Bc1 b3 20.Nc3 Bc2 21.a5 
Ra8 22.Ra4 f5 23.h3 Nf6 24.Be3 Rfd8 25.Rfa1 Ne5 26.f4 Nf7 27.a6 Rxa6 28.
Rxa6 bxa6 29.Rxa6 Nd6 30.Rxc6 Nde4 31.Bxe4 Nxe4 32.Nxe4 Bxe4 33.Rc3 Rb8 
34.g4 g6 35.Bd4 Rb7 36.g5 Kf7 37.Kf2 Bd5 38.Be5 Be6 39.h4 Ke7 40.Rd3 Rd7 
41.Bd4 Kf7 42.Ke3 Rc7 43.Rd1 Rd7 44.Rc1 Bd5 45.Rc8 Ke6 46.Bc5 Be4 47.Ba3 
Bd5 48.Rb8 Ra7 49.Kd4 Rd7 50.Rb6+ Kf7 51.Bd6 Rb7 52.Ra6 Bg2 53.Be5 Rd7+ 
54.Ke3 Be4 55.h5 gxh5 56.Rh6 Ke8 57.Rxh5 Kf8 58.Rh6 Ke8 59.Bd6 Rg7 60.Re6+
Kd7 61.Rxe4 fxe4 62.Be5 Rf7 63.Kxe4 Ke6 64.Bf6 Rc7 65.Bd4 Rc1 66.f5+ Kf7 
67.Kd5 Rf1 68.e4 Rf4 69.Be3 Rf1 70.Kc4 Re1 71.Kd3 Rb1 72.e5 Rxb2 73.e6+ 
Kg8 74.f6 Rc2 75.g6 Rc8 76.Bh6 hxg6 77.f7+ Kh7 78.f8=Q Rxf8 79.Bxf8 Kg8 
80.Bh6 1-0

[Event "First Lady's Cup"]
[Site "Surakarta/Denpasar INA"]
[Date "1982.02.26"]
[Round "14"]
[White "Suradiradja, Herman"]
[Black "Rodriguez Vargas, Orestes"]
[Result "1/2-1/2"]
[WhiteElo "2380"]
[BlackElo "2430"]
[EventDate "1982.02.10"]
[PlyCount "36"]

1.e4 c5 2.Nf3 e6 3.d4 cxd4 4.Nxd4 Nf6 5.Nc3 d6 6.Be2 Be7 7.O-O O-O 8.f4 
Nc6 9.Be3 e5 10.Nb3 exf4 11.Bxf4 Nd7 12.Rf2 Nde5 13.Nd4 Nxd4 14.Qxd4 Be6 
15.Rd1 Nc6 16.Qd2 Bh4 17.g3 Bf6 18.Nd5 Be5 1/2-1/2

[Event "First Lady's Cup"]
[Site "Surakarta/Denpasar INA"]
[Date "1982.02.26"]
[Round "14"]
[White "Spasov, Luben"]
[Black "Gheorghiu, Florin"]
[Result "1/2-1/2"]
[WhiteElo "2410"]
[BlackElo "2550"]
[EventDate "1982.02.10"]
[PlyCount "32"]

1.Nf3 c5 2.c4 Nf6 3.Nc3 e6 4.e3 d5 5.cxd5 Nxd5 6.d4 Nc6 7.Bd3 cxd4 8.exd4 
Be7 9.O-O O-O 10.Re1 Nf6 11.a3 b6 12.Ne5 Bb7 13.Ba6 Qc8 14.Bxb7 Qxb7 15.
Nxc6 Qxc6 16.d5 Qc4 1/2-1/2

[Event "First Lady's Cup"]
[Site "Surakarta/Denpasar INA"]
[Date "1982.02.26"]
[Round "14"]
[White "Ribli, Zoltan"]
[Black "Radulov, Ivan"]
[Result "1/2-1/2"]
[WhiteElo "2590"]
[BlackElo "2505"]
[EventDate "1982.02.10"]
[PlyCount "34"]

1.c4 e6 2.Nf3 d5 3.d4 dxc4 4.e4 c5 5.Bxc4 cxd4 6.Nxd4 Bc5 7.Be3 Nc6 8.Bb5 
Bxd4 9.Bxd4 Nf6 10.Nc3 O-O 11.Bc5 Re8 12.O-O Bd7 13.Re1 b6 14.Be3 a6 15.
Bxc6 Bxc6 16.Qxd8 Raxd8 17.a4 Nxe4 1/2-1/2

[Event "First Lady's Cup"]
[Site "Surakarta/Denpasar INA"]
[Date "1982.02.26"]
[Round "14"]
[White "Ardiansyah"]
[Black "Csom, Istvan"]
[Result "1-0"]
[WhiteElo "2395"]
[BlackElo "2505"]
[EventDate "1982.02.10"]
[PlyCount "99"]

1.e4 c5 2.Nf3 a6 3.d4 cxd4 4.Nxd4 Nf6 5.Nc3 e5 6.Nb3 Bb4 7.Bc4 Qc7 8.Qd3 
b5 9.Bd5 Nxd5 10.exd5 O-O 11.O-O d6 12.Bd2 Bxc3 13.Qxc3 Qxc3 14.Bxc3 Bf5 
15.Bb4 Bxc2 16.Na5 f6 17.Rac1 Be4 18.Rfd1 Nd7 19.f3 Bg6 20.Bxd6 Rfc8 21.
Nc6 Kf7 22.Ne7 Rxc1 23.Rxc1 Ke8 24.Rc7 Bb1 25.a3 Ba2 26.h4 g6 27.b4 Nb6 
28.Bc5 Nxd5 29.Nxd5 Bxd5 30.Re7+ Kd8 31.Rxh7 Rc8 32.Rg7 Ke8 33.Ra7 Rc6 34.
Kf2 Re6 35.g4 f5 36.h5 gxh5 37.gxf5 Rh6 38.Re7+ Kd8 39.Rxe5 Bf7 40.Be7+ 
Kc8 41.Kg3 Rc6 42.Bc5 Kd8 43.Kh4 Rh6 44.f4 Be8 45.f6 Bf7 46.Re7 Rh7 47.f5 
Kc8 48.Bb6 Kb8 49.Rc7 Ka8 50.Ba7 1-0

[Event "First Lady's Cup"]
[Site "Surakarta/Denpasar INA"]
[Date "1982.02.26"]
[Round "14"]
[White "Handoko, Edhi"]
[Black "Bachtiar, Arovah"]
[Result "1-0"]
[WhiteElo "2370"]
[BlackElo "2360"]
[EventDate "1982.02.10"]
[PlyCount "125"]

1.e4 e6 2.d3 d5 3.Nd2 Nf6 4.g3 dxe4 5.dxe4 Bc5 6.Bg2 Nc6 7.Ngf3 e5 8.O-O 
Be6 9.Qe2 Bb6 10.Nc4 Bxc4 11.Qxc4 O-O 12.c3 Qd6 13.Bg5 Rad8 14.Bxf6 Qxf6 
15.Rad1 Rd6 16.Rd5 Rfd8 17.Rfd1 h6 18.Qe2 Qe6 19.Ne1 Ne7 20.Rxd6 Rxd6 21.
Rxd6 Qxd6 22.Bh3 g6 23.Nd3 c5 24.Ne1 Kg7 25.Nf3 Bc7 26.Qb5 b6 27.Bf1 Ng8 
28.Bd3 Nf6 29.Nd2 Qe6 30.b3 Ng4 31.h3 Nf6 32.Kg2 Nh7 33.Bc4 Qe7 34.Bd5 Nf6
35.Qc6 Qd7 36.Qb7 Bd8 37.Qa8 Nxd5 38.exd5 f6 39.c4 Kf7 40.Ne4 f5 41.Nc3 f4
42.Ne4 fxg3 43.f3 h5 44.d6 Kg7 45.Qd5 h4 46.Qxe5+ Kg8 47.a3 Qg7 48.Qe8+ 
Kh7 49.Qxd8 Qb2+ 50.Kf1 Qc1+ 51.Ke2 Qb2+ 52.Nd2 Qe5+ 53.Kf1 Qd4 54.Qe7+ 
Kh6 55.Qe2 Qxd6 56.Qe3+ Kh7 57.Kg2 Qf6 58.Ne4 Qb2+ 59.Qd2 Qxb3 60.Ng5+ Kg7
61.Qd7+ Kh6 62.Nf7+ Kg7 63.Ne5+ 1-0

[Event "First Lady's Cup"]
[Site "Surakarta/Denpasar INA"]
[Date "1982.02.26"]
[Round "14"]
[White "Maninang, Jesus Rafael"]
[Black "Kurajica, Bojan"]
[Result "0-1"]
[WhiteElo "2385"]
[BlackElo "2510"]
[EventDate "1982.02.10"]
[PlyCount "54"]

1.c4 e5 2.Nc3 f5 3.g3 Nf6 4.Bg2 Nc6 5.d3 Bb4 6.Bd2 O-O 7.Nf3 d6 8.O-O h6 
9.a3 Bxc3 10.Bxc3 Qe8 11.Nd2 f4 12.Ne4 Nxe4 13.Bxe4 Bh3 14.Re1 Qh5 15.e3 
Bg4 16.Qd2 f3 17.Kh1 Ne7 18.d4 Bf5 19.Qd3 Qh3 20.Rg1 Qg4 21.Bxf5 Rxf5 22.
Rgd1 e4 23.Qf1 Rh5 24.d5 Rf8 25.Be1 Rff5 26.Rd4 Rh3 27.Rxe4 Rfh5 0-1

[Event "First Lady's Cup"]
[Site "Surakarta/Denpasar INA"]
[Date "1982.02.27"]
[Round "15"]
[White "Hulak, Krunoslav"]
[Black "Keene, Raymond Dennis"]
[Result "1/2-1/2"]
[WhiteElo "2490"]
[BlackElo "2505"]
[EventDate "1982.02.10"]
[PlyCount "25"]

1.e4 g6 2.d4 Bg7 3.Nf3 d6 4.Nc3 Nf6 5.Be2 O-O 6.O-O Bg4 7.Be3 Nc6 8.d5 
Bxf3 9.Bxf3 Ne5 10.Be2 c6 11.a4 Qa5 12.Bd4 Rfc8 13.f4 1/2-1/2

[Event "First Lady's Cup"]
[Site "Surakarta/Denpasar INA"]
[Date "1982.02.27"]
[Round "15"]
[White "Sampouw, Jacobus Sawandar"]
[Black "Christiansen, Larry"]
[Result "0-1"]
[WhiteElo "2305"]
[BlackElo "2585"]
[EventDate "1982.02.10"]
[PlyCount "60"]

1.e4 c5 2.Nf3 Nc6 3.d4 cxd4 4.Nxd4 Nf6 5.Nc3 d6 6.Bc4 e6 7.Bb3 Be7 8.O-O 
O-O 9.Kh1 a6 10.a4 Qc7 11.f4 Na5 12.Ba2 Bd7 13.Qe2 Rac8 14.e5 dxe5 15.fxe5
Ne8 16.Rf3 Nc6 17.Nxc6 Bxc6 18.Rh3 g6 19.Bh6 Ng7 20.Bxg7 Kxg7 21.Qe3 h5 
22.Rf1 Rcd8 23.Ne2 Qd7 24.Nf4 h4 25.Qe2 Qd2 26.Qg4 Rd4 27.Rhf3 Bxf3 28.
Qxf3 Qxc2 29.Bb1 Qxa4 30.Ne2 Rd1 0-1

[Event "First Lady's Cup"]
[Site "Surakarta/Denpasar INA"]
[Date "1982.02.27"]
[Round "15"]
[White "Bachtiar, Arovah"]
[Black "Chandler, Murray Graham"]
[Result "1/2-1/2"]
[WhiteElo "2360"]
[BlackElo "2470"]
[EventDate "1982.02.10"]
[PlyCount "173"]

1.e4 c5 2.Nf3 d6 3.d4 cxd4 4.Nxd4 Nf6 5.Nc3 Nc6 6.Ndb5 e6 7.Bg5 a6 8.Bxf6 
gxf6 9.Nd4 Bg7 10.Nb3 b5 11.a3 Bb7 12.Qg4 O-O 13.Rd1 Qe7 14.Be2 Kh8 15.O-O
Rg8 16.Qh4 Rad8 17.Bh5 Rd7 18.f4 b4 19.axb4 Nxb4 20.Rd2 Rc7 21.Bf3 Bf8 22.
Na5 Ba8 23.Nb3 Rc4 24.Rff2 Rg6 25.e5 d5 26.Be2 Rc8 27.Nd4 fxe5 28.Qxe7 
Bxe7 29.fxe5 Bg5 30.Bh5 Bxd2 31.Rxd2 Rg7 32.Nce2 Rf8 33.c3 Nc6 34.Nxc6 
Bxc6 35.Nd4 Bd7 36.Be2 a5 37.b4 axb4 38.cxb4 f6 39.exf6 Rxf6 40.Ra2 e5 41.
Nf3 Re7 42.Ra7 Rb6 43.b5 Kg8 44.Rc7 Kf8 45.Rc5 Rd6 46.h3 Kg7 47.b6 Bc6 48.
Nh4 Kf6 49.Bg4 Bd7 50.b7 Rb6 51.Bxd7 Rb1+ 52.Kf2 Rb2+ 53.Ke3 Rxd7 54.Rc6+ 
Kf7 55.Nf5 Rbxb7 56.Nd6+ Rxd6 57.Rxd6 Rb3+ 58.Kf2 d4 59.Rh6 Kg7 60.Re6 Re3
61.g4 h5 62.gxh5 Kf7 63.Rd6 Rxh3 64.h6 d3 65.h7 e4 66.Rd4 e3+ 67.Kg2 e2 
68.Rxd3 e1=Q 69.Rxh3 Qd2+ 70.Kg3 Qc3+ 71.Kg2 Qh8 72.Rf3+ Kg7 73.Rg3+ Kf6 
74.Rh3 Ke5 75.Kf3 Kd4 76.Rh4+ Kd3 77.Kf4 Ke2 78.Kf5 Kf3 79.Rh3+ Kg2 80.Rh5
Kg3 81.Kg6 Kf4 82.Rf5+ Ke3 83.Rf1 Qe8+ 84.Kg7 Qe7+ 85.Rf7 Qg5+ 86.Kf8 Qh6+
87.Kg8 1/2-1/2

[Event "First Lady's Cup"]
[Site "Surakarta/Denpasar INA"]
[Date "1982.02.27"]
[Round "15"]
[White "Matanovic, Aleksandar"]
[Black "Sosonko, Gennadi"]
[Result "1/2-1/2"]
[WhiteElo "2495"]
[BlackElo "2580"]
[EventDate "1982.02.10"]
[PlyCount "22"]

1.e4 c6 2.d4 d5 3.Nd2 dxe4 4.Nxe4 Nd7 5.Nf3 Ngf6 6.Nxf6+ Nxf6 7.Ne5 Be6 8.
Be2 g6 9.O-O Bg7 10.c3 O-O 11.Re1 Qc8 1/2-1/2

[Event "First Lady's Cup"]
[Site "Surakarta/Denpasar INA"]
[Date "1982.02.27"]
[Round "15"]
[White "Radulov, Ivan"]
[Black "Suttles, Duncan"]
[Result "1-0"]
[WhiteElo "2505"]
[BlackElo "2475"]
[EventDate "1982.02.10"]
[PlyCount "63"]

1.e4 g6 2.d4 Bg7 3.Nc3 d6 4.f4 Nf6 5.Nf3 c5 6.dxc5 Qa5 7.Qd3 Qxc5 8.Be3 
Qa5 9.Qb5+ Nc6 10.Qxa5 Nxa5 11.Nb5 Kd7 12.Nc3 Rd8 13.h3 Nh5 14.e5 Ng3 15.
Bb5+ Kc7 16.Rg1 Be6 17.O-O-O Nc4 18.Bf2 Nh5 19.Nd4 Nb6 20.exd6+ exd6 21.
Bh4 Nxf4 22.Bxd8+ Rxd8 23.Rgf1 Bh6 24.Kb1 a6 25.g3 axb5 26.gxf4 Nc4 27.
Rfe1 b4 28.Ncb5+ Kd7 29.Nxe6 fxe6 30.Re4 Kc6 31.Nd4+ Kd5 32.Re2 1-0

[Event "First Lady's Cup"]
[Site "Surakarta/Denpasar INA"]
[Date "1982.02.27"]
[Round "15"]
[White "Rodriguez Vargas, Orestes"]
[Black "Browne, Walter Shawn"]
[Result "0-1"]
[WhiteElo "2430"]
[BlackElo "2585"]
[EventDate "1982.02.10"]
[PlyCount "80"]

1.d4 Nf6 2.Nf3 e6 3.c4 b6 4.e3 Bb7 5.Bd3 Be7 6.O-O O-O 7.b3 c5 8.Bb2 cxd4 
9.exd4 d5 10.Nbd2 Nc6 11.Rc1 Rc8 12.Qe2 Re8 13.h3 Bf8 14.Rfd1 g6 15.a3 Bg7
16.c5 Nh5 17.Bb5 bxc5 18.Rxc5 Re7 19.Bxc6 Rxc6 20.Ne5 Rxc5 21.dxc5 Qc7 22.
Ndf3 Qxc5 23.b4 Qc8 24.Bd4 f6 25.Ng4 a6 26.Bc5 Re8 27.Qd2 e5 28.Ne3 Nf4 
29.Ne1 Qe6 30.Nd3 Nxd3 31.Qxd3 d4 32.Nc4 Rd8 33.Na5 Ba8 34.a4 f5 35.Qc4 
Qxc4 36.Nxc4 Bc6 37.Bb6 Rd7 38.b5 axb5 39.Na5 Be4 40.axb5 Rd5 0-1